[Event "Foxwoods Open"]
[Site "Mashantucket, CT"]
[Date "2002.03.28"]
[Round "1"]
[White "Novikov, Igor"]
[Black "Bick, John D"]
[Result "1-0"]
[WhiteElo "2693"]
[BlackElo "2296"]
[PlyCount "87"]
[EventDate "2002.??.??"]

1. d4 Nf6 2. c4 e6 3. Nf3 Bb4+ 4. Bd2 Qe7 5. g3 Nc6 6. Nc3 Bxc3 7. Bxc3 Ne4 8.
Rc1 O-O 9. Bg2 Nxc3 10. Rxc3 d6 11. O-O e5 12. d5 Nb8 13. b4 Na6 14. a3 Bg4 15.
Nd2 Rac8 16. Nb3 c5 17. dxc6 bxc6 18. Na5 Nb8 19. Rd3 e4 20. Rd4 f5 21. f3 Bh5
22. Rxd6 f4 23. c5 fxg3 24. hxg3 Qg5 25. Kh2 Bg6 26. f4 Qh5+ 27. Kg1 Qg4 28.
Qb3+ Bf7 29. Qe3 Bd5 30. Kh2 Rf5 31. Bxe4 Rh5+ 32. Kg2 Qh3+ 33. Kf2 Qh2+ 34.
Kf3 Bf7 35. Qf2 Re8 36. Qxh2 Rxh2 37. Rfd1 Bh5+ 38. g4 Bxg4+ 39. Kxg4 Rxe4 40.
Rd8+ Kf7 41. Rxb8 Rg2+ 42. Kf3 Rexe2 43. Rb7+ Kg6 44. Rf1 1-0

[Event "Foxwoods Open"]
[Site "Mashantucket, CT"]
[Date "2002.03.28"]
[Round "1"]
[White "Potter, John R"]
[Black "Kacheishvili, Giorgi"]
[Result "0-1"]
[WhiteElo "2262"]
[BlackElo "2662"]
[Annotator "Potter"]
[PlyCount "76"]
[EventDate "2002.??.??"]

1. d4 Nf6 2. c4 e6 3. Nc3 Bb4 4. e3 O-O 5. Bd3 d5 6. Nf3 c5 7. O-O Nc6 8. a3
Bxc3 9. bxc3 9... Qc7 {Kacheishvili liked this better than dxc4} 10. cxd5 $1
10... exd5 11. h3 $6 (11. a4 {Kacheishvili felt that 11.h3 was passive as Bg4
was met by Qe1 - Nd2 - f3 and the Queen attacks on the Kingside. White should
ignore the empty threat of Bg4 and simply play a4 instead.}) 11... Re8 12. a4
c4 13. Bb1 Ne4 14. Qc2 h6 15. Nd2 Bf5 16. f3 {I felt the need to sacrifice the
exchange in oder to avoid drifting into a positionally inferior game} 16... Ng3
17. e4 Nxf1 18. Nxf1 dxe4 19. Ne3 Bg6 20. f4 Qxf4 21. Ba2 Kh7 22. Bd2 f5 23.
Rb1 Qh4 24. Nd5 e3 25. Be1 Qg5 26. Bxc4 f4 27. Bd3 Bxd3 28. Qxd3+ Kh8 29. Nc7
f3 30. g3 f2+ 31. Kg2 Rac8 32. Nxe8 Qd5+ 33. Kh2 Ne5 34. Qf1 Nf3+ 35. Kh1 Nd2+
36. Qg2 Qxg2+ 37. Kxg2 f1=Q+ 38. Kh2 Nf3# 0-1

[Event "Foxwoods Open"]
[Site "Mashantucket, CT"]
[Date "2002.03.28"]
[Round "1"]
[White "Bennett, Allan D"]
[Black "Christiansen, Larrry"]
[Result "1-0"]
[WhiteElo "2255"]
[BlackElo "2646"]
[PlyCount "71"]
[EventDate "2002.??.??"]

1. e4 c5 2. Nc3 e6 3. Nf3 a6 4. d4 cxd4 5. Nxd4 b5 6. Bd3 Qb6 7. Nb3 Bb7 8. a4
b4 9. a5 Qc7 10. Na4 d5 11. exd5 Bxd5 12. O-O Nd7 13. Nb6 Nxb6 14. axb6 Qxb6
15. Be3 Qb8 16. Na5 Bd6 17. c4 bxc3 18. Qa4+ Kf8 19. bxc3 Bxh2+ 20. Kh1 Nf6 21.
c4 Qe5 22. cxd5 Qh5 23. Be2 Qxe2 24. Kxh2 exd5 25. Rfe1 Qg4 26. Qc6 Rd8 27.
Qc5+ Kg8 28. Nc6 Re8 29. Ne7+ Rxe7 30. Qxe7 h6 31. Rxa6 Qh5+ 32. Kg1 Kh7 33.
Ra7 d4 34. Bxd4 Re8 35. Qb4 Re4 36. Qb1 1-0

[Event "Foxwoods Open"]
[Site "Mashantucket, CT"]
[Date "2002.03.28"]
[Round "1"]
[White "Salman, Joel"]
[Black "Sammour-Hasbun, Jo"]
[Result "1/2-1/2"]
[WhiteElo "2225"]
[BlackElo "2587"]
[PlyCount "71"]
[EventDate "2002.??.??"]

1. d4 d5 2. c4 c6 3. Nf3 Nf6 4. Nc3 dxc4 5. a4 Bf5 6. e3 e6 7. Bxc4 Bb4 8. O-O
Nbd7 9. Qe2 Bg6 10. Rd1 O-O 11. h3 Qe7 12. Nh4 Bh5 13. g4 Nd5 14. Ng2 Bg6 15.
Bd2 a5 16. e4 N5b6 17. Nf4 Nxc4 18. Qxc4 Bxc3 19. Nxg6 fxg6 20. Qxc3 g5 21. Qb3
Qf7 22. Qg3 h6 23. Ra3 e5 24. Be3 exd4 25. Bxd4 Rae8 26. Rad3 Rxe4 27. Bxg7
Qxg7 28. Rxd7 Qxb2 29. Rd8 Ref4 30. Rxf8+ Rxf8 31. Qe3 Qf6 32. Rd7 Rf7 33. Qe8+
Rf8 34. Qe3 Rf7 35. Qe8+ Rf8 36. Qe3 1/2-1/2

[Event "Foxwoods Open"]
[Site "Mashantucket, CT"]
[Date "2002.03.28"]
[Round "1"]
[White "Fedorowicz, John"]
[Black "Greanias, Steven D"]
[Result "1-0"]
[WhiteElo "2583"]
[BlackElo "2220"]
[PlyCount "63"]
[EventDate "2002.??.??"]

1. d4 Nf6 2. c4 g6 3. Nc3 d5 4. Nf3 Bg7 5. cxd5 Nxd5 6. Qb3 Nxc3 7. bxc3 c5 8.
e3 O-O 9. Ba3 cxd4 10. Nxd4 a6 11. Be2 b5 12. O-O Bb7 13. Rfd1 Qc7 14. c4 bxc4
15. Qxc4 Rc8 16. Qxc7 Rxc7 17. Rac1 Rxc1 18. Rxc1 e5 19. Bf3 e4 20. Bxe4 Bxe4
21. Rc8+ Bf8 22. Rxf8+ Kg7 23. Re8 Bb7 24. Bb2 Kh6 25. Rf8 Bd5 26. Rd8 Bb7 27.
Rd6 a5 28. Bc3 a4 29. Rb6 Ba6 30. f3 Nd7 31. Nf5+ Kg5 32. h4+ 1-0

[Event "Foxwoods Open"]
[Site "Mashantucket, CT"]
[Date "2002.03.28"]
[Round "1"]
[White "Steigman, A J."]
[Black "Blatny, Pavel"]
[Result "0-1"]
[WhiteElo "2210"]
[BlackElo "2572"]
[PlyCount "82"]
[EventDate "2002.??.??"]

1. e4 g6 2. Nc3 c6 3. d4 d5 4. h3 Bg7 5. Nf3 Nf6 6. Bd3 dxe4 7. Nxe4 Nxe4 8.
Bxe4 Nd7 9. O-O O-O 10. c3 c5 11. Bc2 cxd4 12. Nxd4 Qb6 13. Qe2 e5 14. Nf3 Qc7
15. Rd1 b6 16. c4 Bb7 17. Rb1 Nc5 18. b3 Ne6 19. Ba3 Nf4 20. Qe3 Rfe8 21. Be4
Bxe4 22. Qxe4 f5 23. Qe3 Bh6 24. Kh1 Qb7 25. Qc3 e4 26. Ne1 e3 27. f3 Bg7 28.
Qc2 Nh5 29. Bd6 Be5 30. b4 Qg7 31. Bxe5 Qxe5 32. Rd5 Qg3 33. c5 Qf2 34. Qc4 b5
35. Qxb5 Qxa2 36. Rc1 Qxd5 37. Qa6 e2 38. c6 Ng3+ 39. Kg1 Qd4+ 40. Kh2 Nf1+ 41.
Kh1 Qf4 0-1

[Event "Foxwoods Open"]
[Site "Mashantucket, CT"]
[Date "2002.03.28"]
[Round "1"]
[White "Strenzwilk, Denis"]
[Black "Wall, G."]
[Result "0-1"]
[WhiteElo "2200"]
[BlackElo "2478"]
[PlyCount "78"]
[EventDate "2002.??.??"]

1. e4 e5 2. Nf3 d6 3. d4 exd4 4. Nxd4 Nf6 5. Nc3 Be7 6. Be2 O-O 7. O-O a6 8. b3
c5 9. Nf3 b5 10. e5 dxe5 11. Qxd8 Rxd8 12. Nxe5 Bf5 13. Bd3 Bxd3 14. Nxd3 Nc6
15. Bg5 h6 16. Bh4 g5 17. Bg3 Nd4 18. Ne1 c4 19. Be5 Nc6 20. Nf3 g4 21. Bf4
gxf3 22. gxf3 Nh5 23. Bc7 Rd7 24. Bg3 f5 25. f4 Rd2 26. Rae1 Bb4 27. Nb1 Rxc2
28. Re6 Nd4 29. Rxh6 Ng7 30. bxc4 bxc4 31. Rd1 Bc5 32. Kg2 Nge6 33. Nd2 Kg7 34.
Rh5 c3 35. Nb3 Nxb3 36. axb3 Bxf2 37. Rxf5 Rd2 38. Rd5 Bd4+ 39. Rxd2 cxd2 0-1

[Event "Foxwoods Open"]
[Site "Mashantucket, CT"]
[Date "2002.03.28"]
[Round "1"]
[White "Zlotnikov, Mikhail"]
[Black "La Rocca, Mark J"]
[Result "1-0"]
[WhiteElo "2432"]
[BlackElo "2164"]
[PlyCount "79"]
[EventDate "2002.??.??"]

1. c4 Nf6 2. Nc3 d5 3. cxd5 Nxd5 4. Nf3 g6 5. g3 Bg7 6. Bg2 O-O 7. O-O e5 8. d3
Nxc3 9. bxc3 e4 10. dxe4 Qxd1 11. Rxd1 Bxc3 12. Rb1 Nc6 13. Bf4 Ba5 14. e5 Bb6
15. Ng5 Nd4 16. Rd2 Rd8 17. Ne4 Bf5 18. Bg5 Bxe4 19. Bxe4 Re8 20. Bxb7 Rab8 21.
Bf6 Rxb7 22. Rxd4 Bxd4 23. Rxb7 Bb6 24. a4 a5 25. e3 Kf8 26. Kf1 Rc8 27. Ke2
Ke8 28. e6 fxe6 29. Bd4 Bxd4 30. exd4 c5 31. Rxh7 Rc6 32. Kd3 Rd6 33. Ke4 cxd4
34. Ke5 Rb6 35. Kxd4 Rb4+ 36. Ke5 Rxa4 37. Kxe6 Re4+ 38. Kf6 Re2 39. f4 a4 40.
Ra7 1-0

[Event "Foxwoods Open"]
[Site "Mashantucket, CT"]
[Date "2002.03.28"]
[Round "1"]
[White "Sarkar, Justin"]
[Black "Fernandez, John C"]
[Result "1-0"]
[WhiteElo "2410"]
[BlackElo "2116"]
[PlyCount "75"]
[EventDate "2002.??.??"]

1. e4 c5 2. Nf3 d6 3. d4 cxd4 4. Nxd4 Nf6 5. Nc3 Nc6 6. Bg5 e6 7. Qd2 a6 8.
O-O-O Bd7 9. f3 Be7 10. h4 h6 11. Be3 Nxd4 12. Qxd4 h5 13. Na4 e5 14. Qb4 Bc6
15. Nb6 Rb8 16. Bc5 dxc5 17. Rxd8+ Rxd8 18. Qc3 O-O 19. Qxe5 Bd6 20. Qg5 Bxe4
21. Bc4 Bc6 22. Re1 Kh8 23. Bd3 Bc7 24. Qxc5 Rfe8 25. Rxe8+ Rxe8 26. Nc4 Kg8
27. Nd6 Re6 28. Ne4 Nd5 29. Ng5 Bf4+ 30. Kd1 Ne3+ 31. Ke2 Re8 32. Bh7+ Kh8 33.
Be4 Bb5+ 34. Kf2 f5 35. g3 Nd1+ 36. Ke1 Bxg5 37. Qxf5 Rxe4+ 38. fxe4 1-0

[Event "Foxwoods Open"]
[Site "Mashantucket, CT"]
[Date "2002.03.28"]
[Round "1"]
[White "Aramil, William J"]
[Black "Kaufman, Lawrence"]
[Result "0-1"]
[WhiteElo "2098"]
[BlackElo "2406"]
[PlyCount "58"]
[EventDate "2002.??.??"]

1. d4 d5 2. c4 e6 3. Nf3 Nf6 4. Nc3 c6 5. e3 Nbd7 6. Qc2 Bd6 7. g4 Bb4 8. Bd2
Qe7 9. g5 Bxc3 10. Bxc3 Ne4 11. Bd3 Nxc3 12. Qxc3 dxc4 13. Bxc4 b6 14. Bd3 Bb7
15. Be4 O-O 16. Rg1 f5 17. gxf6 Nxf6 18. Nd2 Nxe4 19. Nxe4 c5 20. Ng5 h6 21.
Nh3 cxd4 22. Qxd4 e5 23. Qc4+ Kh8 24. Rg6 Rac8 25. Qg4 Bf3 26. Qa4 Rfd8 27. Ng1
Bh5 28. Rg3 Qd7 29. Qh4 Qd1+ 0-1

[Event "Foxwoods Open"]
[Site "Mashantucket, CT"]
[Date "2002.03.28"]
[Round "1"]
[White "Zaremba, Andrei A"]
[Black "Zimbeck, David"]
[Result "1-0"]
[WhiteElo "2379"]
[BlackElo "2082"]
[PlyCount "57"]
[EventDate "2002.??.??"]

1. d4 d5 2. Nf3 Bf5 3. c4 e6 4. Nc3 Nc6 5. Qa4 Qd7 6. Bf4 Bd6 7. cxd5 exd5 8.
Nxd5 Be4 9. Bxd6 Qxd6 10. Nc3 Bxf3 11. Nb5 Qd7 12. gxf3 Nf6 13. e3 O-O 14. Nc3
a6 15. Bg2 b5 16. Qd1 Ne7 17. O-O Ng6 18. Ne4 Nxe4 19. fxe4 Nh4 20. f4 Rfe8 21.
e5 Nxg2 22. Kxg2 Rab8 23. Qf3 f6 24. Rac1 fxe5 25. fxe5 Rf8 26. Qe4 Qe6 27. b3
Qe7 28. e6 c5 29. Rxc5 1-0

[Event "Foxwoods Open"]
[Site "Mashantucket, CT"]
[Date "2002.03.29"]
[Round "2"]
[White "Mulyar, Michael A"]
[Black "Ibragimov, Ildar"]
[Result "1/2-1/2"]
[WhiteElo "2491"]
[BlackElo "2703"]
[PlyCount "112"]
[EventDate "2002.??.??"]

1. e4 d6 2. d4 g6 3. c4 Bg7 4. Nc3 Nf6 5. Nf3 O-O 6. Be2 c5 7. O-O cxd4 8. Nxd4
a6 9. Be3 Nbd7 10. Qd2 e6 11. Rad1 Qc7 12. Nb3 Ne8 13. Bh6 Bxh6 14. Qxh6 Ne5
15. f4 Nxc4 16. Bxc4 Qxc4 17. f5 Nf6 18. fxg6 fxg6 19. e5 Nd7 20. exd6 b6 21.
Rxf8+ Nxf8 22. Qe3 Qc6 23. Nd4 Qxd6 24. Ne4 Qe7 25. Nc6 Qg7 26. Qxb6 Bb7 27.
Nc5 Bxc6 28. Qxc6 Rb8 29. b3 Qc3 30. Qd6 Rc8 31. Nd3 Qc6 32. Qd4 a5 33. Rc1 Qb7
34. Rf1 Qd5 35. Qxd5 exd5 36. Rc1 Rxc1+ 37. Nxc1 Kf7 38. Kf2 Ke6 39. Ke3 Kd6
40. a3 Nd7 41. Nd3 Nf8 42. b4 axb4 43. axb4 Ne6 44. Nf4 d4+ 45. Ke4 Nxf4 46.
Kxf4 Kd5 47. b5 d3 48. Ke3 Kc4 49. b6 Kc3 50. b7 d2 51. b8=Q d1=Q 52. Qc7+ Kb4
53. Qxh7 Qg1+ 54. Kf3 Qf1+ 55. Kg3 Qd3+ 56. Kf2 Qd2+ 1/2-1/2

[Event "Foxwoods Open"]
[Site "Mashantucket, CT"]
[Date "2002.03.29"]
[Round "2"]
[White "Kaidanov, Gregory"]
[Black "Ippolito, Dean J"]
[Result "1-0"]
[WhiteElo "2694"]
[BlackElo "2455"]
[PlyCount "57"]
[EventDate "2002.??.??"]

1. d4 d5 2. c4 e6 3. Nf3 Nf6 4. Nc3 c6 5. Bg5 h6 6. Bxf6 Qxf6 7. e3 Nd7 8. Bd3
dxc4 9. Bxc4 g6 10. O-O Bg7 11. Qc2 O-O 12. Ne4 Qe7 13. Bb3 e5 14. Ng3 Kh8 15.
Rad1 Re8 16. dxe5 Nxe5 17. Nxe5 Bxe5 18. f4 Bc7 19. Qc3+ Kg8 20. f5 g5 21. Kh1
Be5 22. Qc4 Bxg3 23. hxg3 Rf8 24. Qc3 c5 25. f6 Qc7 26. Qd3 c4 27. Bxc4 Bf5 28.
Rxf5 Rad8 29. Rd5 1-0

[Event "Foxwoods Open"]
[Site "Mashantucket, CT"]
[Date "2002.03.29"]
[Round "2"]
[White "Sarkar, Justin"]
[Black "Shabalov, Alexande"]
[Result "0-1"]
[WhiteElo "2410"]
[BlackElo "2672"]
[PlyCount "103"]
[EventDate "2002.??.??"]

1. e4 e5 2. Nf3 Nc6 3. Bb5 a6 4. Ba4 Nf6 5. O-O Be7 6. Bxc6 dxc6 7. d3 Nd7 8.
b3 O-O 9. Bb2 Bd6 10. Nbd2 b5 11. d4 f6 12. Qe2 Re8 13. Rad1 Nf8 14. dxe5 fxe5
15. Nxe5 Bxe5 16. Bxe5 Rxe5 17. Nf3 Qe7 18. Nxe5 Qxe5 19. Rd8 Bb7 20. Rxa8 Bxa8
21. f4 Qd4+ 22. Kh1 c5 23. e5 Ng6 24. e6 Kf8 25. c3 Qf6 26. Qh5 Qxe6 27. Qxc5+
Ne7 28. f5 Qd5 29. Qxd5 Nxd5 30. Rf3 Kf7 31. Kg1 Kf6 32. c4 Nb4 33. Rf2 Be4 34.
Rd2 Nd3 35. cxb5 axb5 36. b4 Kxf5 37. a3 h5 38. Kf1 Ke5 39. Rc2 c6 40. Rd2 g5
41. g3 Kd4 42. Ke2 g4 43. Kd1 Kc3 44. Ke2 Bf3+ 45. Ke3 Ne5 46. Rd8 Nc4+ 47. Kf4
Nxa3 48. h4 Kxb4 49. Rh8 c5 50. Rxh5 c4 51. Ke3 c3 52. Kd3 {
Black won in a few more moves} 0-1

[Event "Foxwoods Open"]
[Site "Mashantucket, CT"]
[Date "2002.03.29"]
[Round "2"]
[White "Bauer, Richard N"]
[Black "Stolerman, Jack"]
[Result "1/2-1/2"]
[WhiteElo "2240"]
[BlackElo "2154"]
[PlyCount "128"]
[EventDate "2002.??.??"]

1. d4 Nf6 2. c4 g6 3. Nc3 Bg7 4. e4 d6 5. Be2 O-O 6. Nf3 e5 7. O-O Nbd7 8. Re1
c6 9. Bf1 Qb6 10. Rb1 exd4 11. Nxd4 Ng4 12. Qxg4 Bxd4 13. Be3 Bxe3 14. Rxe3 Ne5
15. Qd1 Be6 16. b3 Rad8 17. Na4 Qa5 18. Qe1 Qc7 19. h3 Nd7 20. Rd1 Nc5 21. Nxc5
dxc5 22. Red3 Rxd3 23. Rxd3 Rd8 24. Qe3 Rxd3 25. Qxd3 Qd7 26. Qxd7 Bxd7 27. f4
f6 28. Kf2 Kf7 29. Ke3 Ke7 30. Be2 f5 31. exf5 Bxf5 32. Bd3 Bd7 33. g4 Kf6 34.
Be2 g5 35. Bd3 h6 36. Kf3 Be8 37. Kg3 h5 38. fxg5+ Kxg5 39. h4+ Kf6 40. g5+ Ke5
41. g6 Kf6 42. Kf4 Bd7 43. g7 Kxg7 44. Bf5 Be8 45. Ke5 Kf7 46. Kd6 Kf6 47. Bc2
b6 48. a4 Kf7 49. Kc7 Ke7 50. Be4 Ke6 51. Bxc6 Bg6 52. Kb7 Kd6 53. a5 bxa5 54.
Ba4 Ke5 55. Kxa7 Kd4 56. Kb6 Bf7 57. Kxa5 Bxc4 58. bxc4 Kxc4 59. Kb6 Kd5 60.
Bd1 Ke6 61. Kxc5 Kf7 62. Bxh5+ Kg7 63. Kd6 Kh8 64. Ke5 Kg7 1/2-1/2

[Event "Foxwoods Open"]
[Site "Mashantucket, CT"]
[Date "2002.03.29"]
[Round "2"]
[White "Fang, Joseph H"]
[Black "Brownscombe, Tom"]
[Result "1-0"]
[WhiteElo "2299"]
[BlackElo "2200"]
[PlyCount "81"]
[EventDate "2002.??.??"]

1. Nf3 Nf6 2. c4 g6 3. Nc3 Bg7 4. e4 d6 5. d4 O-O 6. Be2 e5 7. O-O Nc6 8. d5
Ne7 9. Ne1 Nd7 10. Be3 f5 11. f3 Nf6 12. c5 f4 13. Bf2 g5 14. a4 h5 15. cxd6
cxd6 16. a5 g4 17. Nb5 Ng6 18. Nxa7 g3 19. Bb6 gxh2+ 20. Kh1 Qe7 21. Nxc8 Rfxc8
22. Nd3 h4 23. Nf2 Nh5 24. Kxh2 Ng3 25. Re1 h3 26. Nxh3 Bf6 27. Bb5 Nh4 28. Qd2
Qg7 29. Qf2 Ng6 30. Rec1 Bh4 31. Qd2 Nh5 32. Rxc8+ Rxc8 33. Rc1 Rf8 34. Rc7 Be7
35. Rxb7 Nh4 36. Qf2 Kh7 37. Qxh4 Bxh4 38. Rxg7+ Kxg7 39. a6 Bd8 40. Bxd8 Rxd8
41. Bc6 1-0

[Event "Foxwoods Open"]
[Site "Mashantucket, CT"]
[Date "2002.03.29"]
[Round "2"]
[White "La Rocca, Mark J"]
[Black "Anderson, Renard W"]
[Result "0-1"]
[WhiteElo "2164"]
[BlackElo "2289"]
[PlyCount "80"]
[EventDate "2002.??.??"]

1. e4 c5 2. Nf3 d6 3. d4 cxd4 4. Nxd4 Nf6 5. Nc3 a6 6. Be2 e5 7. Nb3 Be7 8. Be3
Be6 9. a4 O-O 10. O-O Nbd7 11. g4 Nb6 12. a5 Nc4 13. Bxc4 Bxc4 14. Re1 Qd7 15.
f3 Qc6 16. Nd2 Be6 17. Nf1 Rad8 18. Bb6 Rd7 19. Ne3 d5 20. exd5 Nxd5 21. Ncxd5
Bxd5 22. Nxd5 Rxd5 23. Qe2 Bc5+ 24. Bxc5 Rxc5 25. c3 Qc7 26. b4 Rxc3 27. Qxe5
Qc6 28. Re3 Rxe3 29. Qxe3 Re8 30. Qd3 h5 31. gxh5 Qf6 32. Rb1 Qg5+ 33. Kh1 Re3
34. Qd4 Rxf3 35. Rg1 Qf6 36. Qe4 Rf5 37. Qxb7 Rxh5 38. Qa8+ Kh7 39. Qe4+ g6 40.
Re1 Qf2 0-1

[Event "Foxwoods Open"]
[Site "Mashantucket, CT"]
[Date "2002.03.29"]
[Round "2"]
[White "Fernandez, John"]
[Black "Times, Jerald"]
[Result "1-0"]
[WhiteElo "2116"]
[BlackElo "2271"]
[PlyCount "51"]
[EventDate "2002.??.??"]

1. e4 c5 2. Nf3 Nc6 3. d4 cxd4 4. Nxd4 e5 5. Nb5 d6 6. N1c3 a6 7. Na3 b5 8. Nd5
Nge7 9. c4 Nd4 10. Bd3 Nxd5 11. exd5 Be7 12. O-O O-O 13. Nc2 bxc4 14. Nxd4 exd4
15. Bxc4 Qb6 16. b3 Bf6 17. Bb2 a5 18. Qd3 Bg4 19. Rfe1 a4 20. Rac1 axb3 21.
Bxb3 Rxa2 22. Bxa2 Qxb2 23. Bb1 g6 24. Qg3 Be2 25. Rc2 Qb4 26. Rcxe2 1-0

[Event "Foxwoods Open"]
[Site "Mashantucket, CT"]
[Date "2002.03.29"]
[Round "3"]
[White "Shabalov, Alexander"]
[Black "Vovsha, Eli"]
[Result "1-0"]
[WhiteElo "2672"]
[BlackElo "2573"]
[PlyCount "75"]
[EventDate "2002.??.??"]

1. d4 d6 2. e4 Nf6 3. Nc3 g6 4. Bg5 Bg7 5. Qd2 h6 6. Bh4 g5 7. Bg3 Nh5 8. Nge2
Nc6 9. O-O-O Bd7 10. Qe3 e6 11. h4 Qf6 12. e5 dxe5 13. dxe5 Qe7 14. Bh2 Qb4 15.
g4 Qxg4 16. Nb5 O-O-O 17. Ned4 Nxd4 18. Rxd4 Nf4 19. Nxa7+ Kb8 20. Bxf4 gxf4
21. Rxf4 Qh5 22. Rc4 f5 23. Rf4 Qe8 24. Bg2 Bf8 25. Rd1 Rg8 26. Bf3 Bc8 27. Re1
c5 28. Nxc8 Rxc8 29. Qb3 Rg7 30. Ra4 c4 31. Rxc4 Rxc4 32. Qxc4 Rc7 33. Qb3 Bc5
34. Rd1 Qg8 35. a4 Bxf2 36. a5 Ka7 37. Kb1 Qg3 38. a6 1-0

[Event "Foxwoods Open"]
[Site "Mashantucket, CT"]
[Date "2002.03.29"]
[Round "3"]
[White "Mulyar, Michael A"]
[Black "Goldin, Alexander"]
[Result "0-1"]
[WhiteElo "2491"]
[BlackElo "2706"]
[PlyCount "92"]
[EventDate "2002.??.??"]

1. e4 c5 2. Nf3 e6 3. d4 cxd4 4. Nxd4 a6 5. c4 Nf6 6. Nc3 Bb4 7. Bd3 Nc6 8.
Nde2 d6 9. h3 Bc5 10. a3 Ne5 11. b4 Ba7 12. Bf4 Ng6 13. Bd2 Bd7 14. Nc1 Rc8 15.
O-O Ne5 16. Bf4 Nxc4 17. N1e2 Ne5 18. Bc2 Qe7 19. Qd2 Nc4 20. Qd3 h6 21. Bb3
Ne5 22. Bxe5 dxe5 23. Qg3 Bd4 24. Rfd1 Nh5 25. Qf3 Bxc3 26. Nxc3 Nf4 27. Rac1
O-O 28. Ne2 Ng6 29. Qe3 Bc6 30. Ng3 Kh8 31. Bc2 Nf4 32. Ne2 Qg5 33. Nxf4 exf4
34. Qf3 Qe5 35. Bb1 Ba4 36. Re1 Rfd8 37. Qe2 Rc3 38. Qb2 Rdc8 39. Qd2 g5 40.
Kh1 Kg7 41. Rxc3 Qxc3 42. Qd6 Bb5 43. Rd1 Be2 44. Rd2 Qc1+ 45. Kh2 Qxb1 46.
Qe5+ Kg6 0-1

[Event "Foxwoods Open"]
[Site "Mashantucket, CT"]
[Date "2002.03.29"]
[Round "3"]
[White "Christiansen, Larry"]
[Black "Furdzik, Rafal"]
[Result "1-0"]
[WhiteElo "2646"]
[BlackElo "2200"]
[PlyCount "57"]
[EventDate "2002.??.??"]

1. e4 c6 2. d4 d5 3. Nc3 dxe4 4. Nxe4 Bf5 5. Ng3 Bg6 6. h4 h6 7. Nf3 Nd7 8. h5
Bh7 9. Bd3 Bxd3 10. Qxd3 e6 11. Bf4 Qa5+ 12. Bd2 Qc7 13. O-O-O Ngf6 14. Ne4
O-O-O 15. g3 Nxe4 16. Qxe4 Bd6 17. c4 c5 18. Kb1 Kb8 19. Qe2 Ka8 20. Bc3 cxd4
21. Nxd4 a6 22. Nb3 e5 23. Qf3 Nb6 24. Ba5 Bc5 25. Nxc5 Qxc5 26. b4 Qxc4 27.
Bxb6 Qxb4+ 28. Qb3 Qe4+ 29. Ka1 1-0

[Event "Foxwoods Open"]
[Site "Mashantucket, CT"]
[Date "2002.03.29"]
[Round "3"]
[White "Anderson, Renard W"]
[Black "Wall, G."]
[Result "0-1"]
[WhiteElo "2289"]
[BlackElo "2478"]
[PlyCount "82"]
[EventDate "2002.??.??"]

1. e4 e5 2. Nf3 d6 3. d4 exd4 4. Nxd4 Nf6 5. Nc3 Be7 6. Bc4 O-O 7. O-O a6 8. a4
Nc6 9. h3 Nb4 10. Nd5 Nbxd5 11. exd5 Nd7 12. a5 Bf6 13. Re1 Re8 14. Be3 Ne5 15.
Bb3 Bd7 16. f4 Ng6 17. Qd3 Bxd4 18. Qxd4 Nh4 19. Ba4 Bxa4 20. Qxa4 Kf8 21. Bd4
Qc8 22. Bf2 Ng6 23. Rxe8+ Qxe8 24. g3 Qb5 25. c4 Qxb2 26. Re1 Rd8 27. c5 h5 28.
cxd6 cxd6 29. Bb6 Qc3 30. Re3 Qc1+ 31. Kf2 Rc8 32. Qd7 h4 33. Qxd6+ Kg8 34.
gxh4 Qh1 35. f5 Nxh4 36. Bc7 Qg2+ 37. Ke1 Nxf5 38. Qf4 Qg1+ 39. Kd2 Qxe3+ 40.
Qxe3 Nxe3 41. d6 Nc4+ 0-1

[Event "Foxwoods Open"]
[Site "Mashantucket, CT"]
[Date "2002.03.29"]
[Round "3"]
[White "Bennett, Allan D"]
[Black "Sarkar, Justin"]
[Result "1/2-1/2"]
[WhiteElo "2255"]
[BlackElo "2410"]
[PlyCount "92"]
[EventDate "2002.??.??"]

1. e4 d5 2. exd5 Qxd5 3. Nc3 Qa5 4. d4 c6 5. Nf3 Nf6 6. Bc4 Bf5 7. Bd2 e6 8.
Qe2 Bb4 9. O-O-O Nbd7 10. Ne5 Nxe5 11. dxe5 Nd5 12. Ne4 Bxe4 13. Qxe4 Bxd2+ 14.
Rxd2 O-O-O 15. Rhd1 Nb6 16. Rxd8+ Rxd8 17. Rxd8+ Kxd8 18. Bd3 Nd7 19. f4 Nc5
20. Qe3 Nxd3+ 21. Qxd3+ Ke8 22. b3 Qxa2 23. Qxh7 Qa1+ 24. Kd2 Qd4+ 25. Ke2 Qxf4
26. Qxg7 Qxh2 27. Kd3 Qg1 28. Qh8+ Kd7 29. Qb8 Qb6 30. Qf8 Qb5+ 31. Kd2 Qxe5
32. Qxf7+ Kd6 33. Qxb7 Qg5+ 34. Kd1 Qxg2 35. Qxa7 e5 36. Qe3 Qf1+ 37. Kd2 Qf4
38. Kd3 Qxe3+ 39. Kxe3 Kd5 40. c3 e4 41. Kf4 c5 42. Ke3 Ke5 43. b4 cxb4 44.
cxb4 Kd5 45. b5 Kc5 46. Kxe4 Kxb5 1/2-1/2

[Event "Foxwoods Open"]
[Site "Mashantucket, CT"]
[Date "2002.03.29"]
[Round "3"]
[White "Kaufman, Lawrence"]
[Black "Bauer, Richard N"]
[Result "1-0"]
[WhiteElo "2406"]
[BlackElo "2240"]
[PlyCount "43"]
[EventDate "2002.??.??"]

1. e4 c5 2. Nf3 d6 3. d4 Nf6 4. Nc3 cxd4 5. Nxd4 a6 6. Be2 e6 7. Be3 Nbd7 8. g4
h6 9. f4 b5 10. g5 hxg5 11. fxg5 b4 12. Nc6 Qc7 13. Nxb4 Nxe4 14. Nxe4 d5 15.
Nxd5 exd5 16. Nc3 Rxh2 17. Rxh2 Qxh2 18. Qxd5 Rb8 19. O-O-O Qc7 20. g6 Ne5 21.
gxf7+ Nxf7 22. Bh5 1-0

[Event "Foxwoods Open"]
[Site "Mashantucket, CT"]
[Date "2002.03.29"]
[Round "3"]
[White "Zaremba, Andrei A"]
[Black "Bournival, Braden"]
[Result "1-0"]
[WhiteElo "2379"]
[BlackElo "2215"]
[PlyCount "87"]
[EventDate "2002.??.??"]

1. e4 c6 2. c4 d5 3. exd5 cxd5 4. d4 Nf6 5. Nc3 e6 6. Nf3 Bb4 7. Qc2 O-O 8. a3
Bxc3+ 9. bxc3 Qc7 10. Ne5 Nc6 11. f4 b6 12. Bd3 Ba6 13. cxd5 Bxd3 14. Qxd3 exd5
15. O-O Na5 16. f5 Rac8 17. Rf3 Nb3 18. Rb1 Nxc1 19. Rxc1 Qd6 20. Rcf1 Rc7 21.
Rg3 Ne4 22. f6 Nxg3 23. Qxg3 g6 24. Qh4 Re8 25. Rf3 Qxa3 26. Qh6 Qf8 27. Qf4
Rec8 28. h4 h5 29. Rg3 Kh7 30. Rg5 Qh6 31. Qf3 Rd8 32. Qf4 Rdc8 33. Qf3 Rd8 34.
g4 hxg4 35. Qxg4 Rg8 36. Qg3 Rb7 37. Ng4 Qf8 38. h5 Qa3 39. hxg6+ Rxg6 40. Qh3+
Kg8 41. Nh6+ Kh7 42. Nxf7+ Kg8 43. Rxg6+ Kxf7 44. Qh7+ 1-0

[Event "Foxwoods Open"]
[Site "Mashantucket, CT"]
[Date "2002.03.29"]
[Round "3"]
[White "Karklins, Andrew"]
[Black "Ashton, Jeffrey"]
[Result "1-0"]
[WhiteElo "2354"]
[BlackElo "2207"]
[PlyCount "79"]
[EventDate "2002.??.??"]

1. e4 c5 2. Nf3 Nc6 3. d4 cxd4 4. Nxd4 Nf6 5. Nc3 d6 6. g3 e6 7. Bg2 Qc7 8. b3
Be7 9. Bb2 a6 10. Qd2 Nxd4 11. Qxd4 Bd7 12. O-O-O Bc6 13. Rhe1 O-O-O 14. Qa7 h5
15. Nd5 Bxd5 16. exd5 Qc5 17. Qxc5+ dxc5 18. dxe6 Rxd1+ 19. Kxd1 fxe6 20. Rxe6
Bd8 21. Re5 b6 22. h4 Rf8 23. Bh3+ Kb8 24. Re6 Kb7 25. Ke2 Rf7 26. Be5 Ka7 27.
Bg2 Ng4 28. Bf4 Bxh4 29. f3 Nh2 30. gxh4 Rxf4 31. Re7+ Kb8 32. Rxg7 Rxh4 33.
Kf2 Rd4 34. Kg3 Nxf3 35. Bxf3 b5 36. Rb7+ Kc8 37. Rb6 h4+ 38. Kh3 Rd2 39. Rc6+
Kb8 40. Rxc5 1-0

[Event "Foxwoods Open"]
[Site "Mashantucket, CT"]
[Date "2002.03.29"]
[Round "3"]
[White "MacIntyre, Paul"]
[Black "Fernandez, John C"]
[Result "1-0"]
[WhiteElo "2304"]
[BlackElo "2116"]
[PlyCount "57"]
[EventDate "2002.??.??"]

1. e4 c5 2. Nf3 d6 3. d4 cxd4 4. Nxd4 Nf6 5. Nc3 Nc6 6. Bc4 Qb6 7. Nb3 e6 8.
Be3 Qc7 9. f4 Be7 10. a3 a6 11. O-O O-O 12. g4 b5 13. Bd3 Re8 14. g5 Nd7 15.
Qh5 Bb7 16. Rf3 g6 17. Qh6 Bf8 18. Qh4 Bg7 19. Rh3 Nf8 20. Rf1 Rac8 21. Nd1 Qd8
22. c3 Nb8 23. f5 exf5 24. exf5 Nbd7 25. f6 Bh8 26. Bxg6 Nxg6 27. Qxh7+ Kf8 28.
Qxh8+ Nxh8 29. Rxh8# 1-0